| 000 | 00474nam a22001697a 4500 | ||
|---|---|---|---|
| 003 | NALT | ||
| 005 | 20220209143657.0 | ||
| 008 | s2004 th ||||| |||| 00| 0 tha d | ||
| 020 | _a0792242041 | ||
| 040 | _aNALT | ||
| 100 | 0 | _aWiener, Tom | |
| 245 | 0 | 0 |
_aVoices of war : _bstories of service from the home front and the front lines / _cEdited by Tom Wiener. |
| 260 |
_bNational grographic, _c2004 |
||
| 700 | 1 |
_956657 _aWiener, Tom. |
|
| 850 | _aNALT | ||
| 942 |
_cGB _2lcc |
||
| 999 |
_c46412 _d46412 |
||
| 998 |
_j109 _k อารีรัตน์ วิชาช่าง |
||